Statistics for Capital Cities having 2 Capital Cities starting with A within 1,000 km

Click here to take the quiz!

General Stats

  • This quiz has been taken 40 times
  • The average score is 17 of 25

Answer Stats

# 'A' Capital Cities Capital City % Correct
2Andorra la Vella - AlgiersMadrid
88%
2Andorra la Vella - AmsterdamParis
88%
2Andorra la Vella - AmsterdamBrussels
85%
2Andorra la Vella - AlgiersRome
85%
3Amman - Ankara - AthensNicosia
82%
2Amman - AnkaraJerusalem
79%
2Andorra la Vella - AmsterdamBern
79%
3Andorra la Vella - Algiers - AmsterdamMonaco
79%
2Ankara - AthensSofia
76%
2Amman - AnkaraDamascus
76%
2Andorra la Vella - AmsterdamLuxembourg
73%
2Amman - AthensAnkara
73%
2Addis Ababa - AsmaraDjibouti
73%
2Andorra la Vella - AlgiersTunis
70%
2Amman - AnkaraBeirut
70%
2Ankara - AthensSkopje
67%
2Abuja - AccraLome
64%
2Addis Ababa - AsmaraKhartoum
64%
2Ankara - AthensBucharest
61%
2Andorra la Vella - AlgiersVatican City
58%
2Andorra la Vella - AmsterdamVaduz
58%
2Abuja - AccraPorto-Novo
52%
2Abuja - AccraNiamey
42%
2Addis Ababa - AsmaraSanaa
42%
2Abuja - AccraSao Tome
24%

Score Distribution

Percentile by Number Answered

Percent of People with Each Score

Your Score History

You have not taken this quiz